01035nam a2200229 a 4500001001000000003000400010005001700014008004100031040002500072082001900097110004800116245010800164260005900272300002000331500008300351610005800434650006300492910003700555942001400592952018200606999001700788000032356OSt20201120125912.0110714s1928 dr r 000 0 spa d aDO-SdBNPbspacBNPHU 4a373.19bM533L  aEscuela Normal Superior de Santiago.97734400aMemorial de la labor de la Escuela Normal Superior de Santiago durante el año escolar de 1927 a 1928. aSantiago, República Dominicana :bL. H. Cruz,c1928. a20 p. ;c15 cm. aAnte el ara de la escuela, obsequio de los investidos del 16 de Agosto de 192824aEscuela Normal Superior de SantiagoxCurriculo977345 4aEscuelas normaleszRepública DominicanazSantiago977346 aValidado. Control de calidad MFF 2ddccLBS1 00102ddc51718PDaPDbPDcCTd2011-07-14iLF1l0o373.19 E74sp32356-10r2020-06-25w2020-06-25yLFPDzPerteneció a la biblioteca personal de Carlos Larrazábal Blanco. c31847d31847